Anteproyecto diseño del centro de atención ciudadana de la alcaldía de Managua, Nicaragua CAC - 2010
Presenta el diseño del centro de atención ciudadana de la alcaldía de Managua partiendo de un análisis de espacios arquitectónicos que se requieren para hacer eficiente la atención a la ciudadanía, diagnosticando el actual funcionamiento de sus instalaciones en la alcaldía para dar una propu...
| Main Author: | |
|---|---|
| Other Authors: | |
| Format: | Tesis Section = Libro |
| Language: | Undetermined Spanish |
| Published: |
Managua
UNI
2011
|
| Subjects: |
| LEADER | 01073nam a2200217Ia 4500 | ||
|---|---|---|---|
| 008 | 240830s9999 xx 000 0 und d | ||
| 040 | |a BIBLIOTECA-RUSB/ Mon 725.1 M385 | ||
| 041 | |a spa | ||
| 082 | |a Mon 725.1 M385 | ||
| 100 | 1 | |a Martínez Rodríguez, Marvin Fernando | |
| 245 | 1 | 0 | |a Anteproyecto diseño del centro de atención ciudadana de la alcaldía de Managua, Nicaragua CAC - 2010 |
| 260 | |a Managua |b UNI |c 2011 | ||
| 300 | |a 87 p. :il. | ||
| 502 | |a Tesis (Arquitecto) - UNI, 2011. | ||
| 520 | 3 | |a Presenta el diseño del centro de atención ciudadana de la alcaldía de Managua partiendo de un análisis de espacios arquitectónicos que se requieren para hacer eficiente la atención a la ciudadanía, diagnosticando el actual funcionamiento de sus instalaciones en la alcaldía para dar una propuesta de diseño que supere los problemas de la ciudadanía. | |
| 650 | 7 | |a CENTROS CIVICOS - ARQUITECTUA | |
| 650 | 7 | |b ARQUITECTURA - DISEÑOS Y PLANOS | |
| 700 | 1 | |a Tutor: |b Morales Cuadra, Gema Margarita | |
| 942 | |c BK |2 ddc | ||
| 991 | |a TESIS | ||
| 999 | |c 21208 | ||